Šťastně až navěky. Díl I., Spící princ /
Fantasy román ze světa, ve kterém po boku běžných lidí žijí i potomci pohádkových postav. Osmnáctiletá potomkyně Sněhurky musí probudit ze spánku prince, a tím navrátit magii pohádkám.
Uloženo v:
| Série: | Šťastně až navěky,
část 1 |
|---|---|
| Hlavní autor: | |
| Další autoři: | |
| Médium: | E-kniha |
| Jazyk: | Czech |
| Vydáno: |
Praha :
Dobrovský s.r.o.,
2025
|
| Edice: | King Cool
|
| Témata: | |
| Příbuzné jednotky: | Z cyklu::
Šťastně až navěky |
| Tagy: |
Žádné tagy |
| LEADER | 03328nam a2200553 i 4500 | ||
|---|---|---|---|
| 001 | 312777 | ||
| 003 | CZ PrSKC | ||
| 005 | 20260601215728.0 | ||
| 007 | ta | ||
| 008 | 250730s2025 xr d 000 f cze | ||
| 015 | |a cnb003697944 | ||
| 020 | |a 9788027741960 |q (brožováno) : |c Kč 599,00 | ||
| 035 | |a (OCoLC)1559931935 | ||
| 040 | |a ABG001 |b cze |e rda | ||
| 041 | 1 | |a cze |h ger | |
| 072 | 7 | |a 821.112.2-3 |x Německá próza, německy psaná |2 Konspekt | |
| 072 | 7 | |a 821-93 |x Literatura pro děti a mládež (beletrie) |2 Konspekt | |
| 080 | |a 821.112.2-31 |2 MRF | ||
| 080 | |a 821-93 |2 MRF | ||
| 080 | |a 821-93-053.67 |2 MRF | ||
| 080 | |a (0:82-312.9) |2 MRF | ||
| 100 | 1 | |a Tack, Stella, |d 1995- |7 xx0275189 |4 aut | |
| 240 | 1 | 0 | |a Schlafende Prinz. |l Česky |
| 245 | 1 | 0 | |a Šťastně až navěky. |n Díl I., |p Spící princ / |c Stella Tack ; přeložila Jarmila Doubravová |
| 246 | 3 | 0 | |a Spící princ |
| 264 | 1 | |a Praha : |b Dobrovský s.r.o., |c 2025 | |
| 300 | |a 489 stran ; |c 20 cm | ||
| 336 | |a text |b txt |2 rdacontent | ||
| 337 | |a bez média |b n |2 rdamedia | ||
| 338 | |a svazek |b nc |2 rdacarrier | ||
| 490 | 1 | |a King Cool | |
| 500 | |a Přeloženo z němčiny | ||
| 520 | 2 | |a Fantasy román ze světa, ve kterém po boku běžných lidí žijí i potomci pohádkových postav. Osmnáctiletá potomkyně Sněhurky musí probudit ze spánku prince, a tím navrátit magii pohádkám. |b Co by se stalo, kdyby se pohádky změnily ve skutečnost? Tuhle otázku si musí položit i Raina Whiteová, která vede obyčejný život, chodí do školy a podniká dobrodružství za zády své přísné babičky. To, že je následnice jedné z nejvýznamnějších pohádkových postav, Sněhurky, považuje spíš za přítěž. Rozhodně se odmítá podřídit tradici, podle níž musí každá dívka z pohádkové rodiny v den svých osmnáctých narozenin políbit zakletého prince, a proroctví, podle kterého se s princovým probuzením vrátí do světa magie a potomci pohádkových rodů získají zpět svou moc, považuje za nesmysl a hloupé pověry. Nakonec je však donucena se tradici podřídit a prince políbit. A tím rozpoutá, ač proti své vůli, sled bizarních událostí, které její život a všechno, co doposud znala, obrátí vzhůru nohama. Nakladatelská anotace. Kráceno. | |
| 655 | 7 | |a německé romány |7 fd132945 |2 czenas | |
| 655 | 7 | |a fantasy romány |7 fd184199 |2 czenas | |
| 655 | 7 | |a literatura young adult |7 fd1185572 |2 czenas | |
| 655 | 7 | |a publikace pro mládež |7 fd133157 |2 czenas | |
| 655 | 9 | |a German fiction |2 eczenas | |
| 655 | 9 | |a fantasy novels |2 eczenas | |
| 655 | 9 | |a young adult literature |2 eczenas | |
| 655 | 9 | |a juvenile literature |2 eczenas | |
| 700 | 1 | |a Doubravová, Jarmila |7 jn19981000753 |4 trl | |
| 787 | 0 | 8 | |i Z cyklu: |t Šťastně až navěky |g 1 |
| 830 | 0 | |a King Cool | |
| 900 | |a ABA001 |b 20 | ||
| 044 | |a xr | ||
| 910 | |a RBIT002 | ||
| 998 | |d 421693 |a https://core.palmknihy.cz/api/books/421693/cover?t0sh97 |b https://core.palmknihy.cz/api/books/421693/cover/400?t0sh97 |c https://core.palmknihy.cz/api/books/421693/cover/50?t0sh97 |e 2030-11-08 |g 496 |i 9788027741960 |j https://core.palmknihy.cz/api/books/421693/preview.epub |k https://core.palmknihy.cz/api/books/421693/preview.pdf |l |q 49 |r 1 |s https://www.palmknihy.cz/kniha/421693 |t ebook |y 2025 |z 0 |v Šťastně až na věky |w 1 | ||
| 999 | |d 312775 | ||